Hydrometallurgy and Electrometallurgy of Copper

Salvato in:
Dettagli Bibliografici
Autori principali: Cooper, W. Charles (Autore), Lagos Cruz-Coke, Gustavo E (Autore), Ugarte, Guillermo (Autore)
Natura: Libro
Lingua:inglese
Pubblicazione: Santiago Facultad de Ciencias Físicas y Matemáticas Universidad de Chile 1988
Edizione:1a. ed
Serie:Copper 87
Soggetti:
Tags: Aggiungi Tag
Nessun Tag, puoi essere il primo ad aggiungerne!!

MARC

LEADER 00000cam a2200000 a 4500
001 UCC6753
003 CL-VaPUC
008 190103e19880000cl |||||||||||||||||eng|d
020 |a 9562480118v.3 
082 0 4 |a 669.028  |b COO  |2 21 
100 0 |a Cooper, W. Charles  |e author  |9 601227 
700 |a Lagos Cruz-Coke, Gustavo E  |e author  |9 618937 
700 0 |a Ugarte, Guillermo  |e author  |9 601229 
245 1 0 |a Hydrometallurgy and Electrometallurgy of Copper 
250 |a 1a. ed 
300 |a v 
942 |c BK 
945 |d 20190103 17:32:00  |a dcastane 
260 |a Santiago  |b Facultad de Ciencias Físicas y Matemáticas Universidad de Chile  |c 1988 
650 0 |a Hidrometalurgia  |9 352265 
650 0 |a Metales   |9 260686 
650 7 |a TECNOLOGIA METALURGICA  |2 CL-VaPUC  |9 342977 
583 |a last modification  |c 20190103 17:32:00  |k Rodrigo Vera 
490 0 |a Copper 87 
999 |c 373611  |d 373609 
952 |0 0  |1 0  |3 erb  |4 0  |6 669_028000000000000_COO_1988  |7 0  |8 A  |9 491805  |a BIBING  |b BIBING  |h v.3  |i 5526868  |o 669.028 COO 1988  |p 5526868  |r 2025-01-20  |w 2019-11-24  |y BK  |z Catalogado en:20190103  |k EIQ